Invisible entrepreneurs /
Uloženo v:
| Hlavní autor: | |
|---|---|
| Médium: | Text |
| Tagy: |
Přidat tag
Žádné tagy, Buďte první, kdo vytvoří štítek k tomuto záznamu!
|
MARC
| LEADER | 00000 a a2200000 04500 | ||
|---|---|---|---|
| 001 | 48436 | ||
| 003 | |||
| 040 | |||
| 100 | |a Tinker, Irene | ||
| 245 | |a Invisible entrepreneurs / |c Irene Tinker | ||
| 500 | |a Incluye los temas: "Women market traders", "Informal sector", "Donor Agencies and Microenterprise", conclusion. | ||
| 773 | |g volumen 35, número 3, (1987), páginas 18-50 | ||
| 999 | |c 33499 |d 33499 | ||
